000 004740000a22001690004500
003 MACL
005 20151217160921.0
008 151217b xxu||||| |||| 00| 0 eng d
040 _aMACL
_cMACL
041 _aEnglish
082 _a650.3/BAK
100 _aSaliers, Earl A
_920906
245 _aPractical Business Administration
_bVol 10 Modern Practical Accounting
260 _bAmerican Technical Society
_c1953
650 _aManagement
_920907
942 _cBK
_k650.3/BAK
_2ddc
999 _c40821
_d40821